Predpoklady rozvoja MICE v krajinách V4 na základe vybraných ukazovateľov
Cieľom príspevku je na základe analýzy monitorovania ubytovacej a dopravnej infraštruktúry v krajinách V4 identifikovať potenciál rozvoja MICE ako formy cestovného ruchu z pohľadu skúmaných atribútov. Za kľúčové metódy výskumu možno považovať monitorovanie ubytovacej infraštruktúry s akcentom na kap...
Salvato in:
| Autore principale: | |
|---|---|
| Altri autori: | |
| Natura: | Capitolo di libro |
| Lingua: | slovacco |
| Soggetti: | |
| Tags: |
Nessun Tag, puoi essere il primo ad aggiungerne!!
|
MARC
| LEADER | 00000naa$a2200000$$$4500 | ||
|---|---|---|---|
| 001 | 0281948 | ||
| 005 | 20240502083907.5 | ||
| 041 | 0 | |a slo | |
| 044 | |a CZ | ||
| 245 | 1 | 0 | |a Predpoklady rozvoja MICE v krajinách V4 na základe vybraných ukazovateľov |c Alexander Frasch, Lenka Zemanová |
| 520 | |a Cieľom príspevku je na základe analýzy monitorovania ubytovacej a dopravnej infraštruktúry v krajinách V4 identifikovať potenciál rozvoja MICE ako formy cestovného ruchu z pohľadu skúmaných atribútov. Za kľúčové metódy výskumu možno považovať monitorovanie ubytovacej infraštruktúry s akcentom na kapacitné možnosti, ktoré umožňujú realizáciu rozličných podujatí a tiež monitorovanie letov v podmienkach významných medzinárodných letísk krajín V4. | ||
| 610 | 2 | 0 | |a ruch cestovný |
| 610 | 2 | 0 | |a infraštruktúra |
| 610 | 2 | 0 | |a rozvoj regionálny |
| 610 | 2 | 0 | |a Vyšehradská štvorka |
| 100 | 1 | |a Frasch, Alexander, 1992- | |
| 700 | 1 | |a Zemanová, Lenka, 1995- | |